Bharat,s income tax rules / (Record no. 134829)

MARC details
000 -LEADER
fixed length control field 00734nam a22002297a 4500
005 - DATE AND TIME OF LATEST TRANSACTION
control field 20170124110234.0
010 ## - LIBRARY OF CONGRESS CONTROL NUMBER
LC control number B-059824
020 ## - INTERNATIONAL STANDARD BOOK NUMBER
Terms of availability 300.00
035 ## - SYSTEM CONTROL NUMBER
System control number B-059824
037 ## - SOURCE OF ACQUISITION
Source of stock number/acquisition Cen Lib/Ret
040 ## - CATALOGING SOURCE
Original cataloging agency DPL
Language of cataloging EN
082 ## - DEWEY DECIMAL CLASSIFICATION NUMBER
Classification number 343.54052
Item number BHA
245 ## - TITLE STATEMENT
Title Bharat,s income tax rules /
Statement of responsibility, etc edited by Ravi Puliani [and] Mahesh Puliani
260 ## - PUBLICATION, DISTRIBUTION, ETC. (IMPRINT)
Place of publication, distribution, etc New Delhi
Name of publisher, distributor, etc Bharat Law House
Date of publication, distribution, etc 2001
270 ## - ADDRESS
Address T-1/95, Mangolpuri Industrial Area Phase -I
City New Delhi
Postal code 110083
300 ## - PHYSICAL DESCRIPTION
Extent Various pagings
Dimensions 24cm(Hb)
650 ## - SUBJECT ADDED ENTRY--TOPICAL TERM
Topical term or geographic name as entry element Income tax
Geographic subdivision India
9 (RLIN) 41888
650 ## - SUBJECT ADDED ENTRY--TOPICAL TERM
Topical term or geographic name as entry element Income tax--Law and legislation
9 (RLIN) 41889
700 ## - ADDED ENTRY--PERSONAL NAME
9 (RLIN) 20476
Personal name Puliani, Ravi
700 ## - ADDED ENTRY--PERSONAL NAME
Personal name Puliani, Mahesh
9 (RLIN) 1186
942 ## - ADDED ENTRY ELEMENTS (KOHA)
Source of classification or shelving scheme Dewey Decimal Classification
Koha item type English Books
Classification part 343.54052
Call number suffix BHA
Holdings
Withdrawn status Lost status Damaged status Not for loan Collection code Home library Current library Date acquired Source of acquisition Cost, normal purchase price Total Checkouts Full call number Barcode Date last seen Copy number Cost, replacement price Price effective from Koha item type
      Not For Loan Reference Central Library Central Library 31/07/2015 Cen Lib/Ret 300.00   343.54052 BHA B-059824 31/07/2015 1 300.00 31/07/2015 English Books

© Delhi Public Library
Hit Counter
free hit counter